Skip to content
VuFind
Login
All Fields
Title
Author
Subject
Call Number
ISBN/ISSN
Tag
Find
Advanced
Velalive index v 02/
Cite this
Text this
Email this
Print
Export Record
Export to RefWorks
Export to EndNoteWeb
Export to EndNote
Export to MARC
Export to BibTeX
Export to RIS
Save to List
Permanent link
Velalive index v 02/
Saved in:
Bibliographic Details
Format:
Book
Language:
English
Tags:
Add Tag
No Tags, Be the first to tag this record!
Holdings
Description
Comments
Similar Items
Staff View
MARC
LEADER
00000nam a22000007a 4500
008
260105b |||||||| |||| 00| 0 eng d
041
|h
eng
245
|a
Velalive index v 02/
942
|c
REF
999
|c
32385
|d
32385
Similar Items
Indexes and indexing
by: Collison, Robert L.
Published: (1969)
Indexes and indexing
by: Collison, R.L
Published: (1969)
indexes and indexing -
by: robert
Published: (1959)
Index and indexing systems
by: Prasher, R. G.
Published: (1989)
Indexing
by: Wheeler, Martha Thorne
Published: (1957)